Z jakiego kraju? #10 - Statystyki

Ogólne statystyki
  • Ten quiz został rozwiązany 279 razy
  • Średni wynik to 7 z 14
Statystyki odpowiedzi
Znana osoba Kraj % Poprawnych
Kim Dzong Il Korea Pólnocna
89%
Björn Borg Szwecja
83%
Marek Hamšík Slowacja
79%
Leonardo Da Vinci Wlochy
76%
Hồ Chí Minh Wietnam
62%
Paulina Porizkova Czechy
52%
Penelope Cruz Hizspania
50%
Kate Winslet Wielka Brytania
46%
Oprah Winfrey Stany Zjednoczone
45%
Niki Lauda Austria
29%
Che Guevara Argentyna
26%
Peter Jackson Nowa Zelandia
26%
Salma Hayek Meksyk
20%
J.R.R.Tolkien Republika Poludniowej Afryki
12%
Nie znaleziono quizów pasujących do podanych kryteriów
Rozkład punktacji
Procent ludzi z każdym wynikiem
Percentyl według liczby udzielonych odpowiedzi
Twoja historia wyników
Nie rozwiązałeś tego quizu